000 00455nam a22001577a 4500
005 20240426100131.0
008 240426b |||||||| |||| 00| 0 eng d
041 _aEnglish
082 _a349 LAW
100 _lEnglish
245 _aThe Law Reports: King's Bench Division
260 _aLondon:
_bLincoln's Inn,
_c1920 Vol.1
300 _bxxvi, 948 pages ;
_c25 cm.
650 _aLegal practice
_bLaw
942 _cBK
_6ALISON_BN_VRIES
999 _c1571
_d1571